Ekstraklasowe kółko i krzyżyk - Statystyki

Ogólne statystyki
  • Ten quiz został rozwiązany 101 razy
  • Średni wynik to 4 z 9
Statystyki odpowiedzi
Hint Odpowiedź % Poprawnych
Lech/Bośnia Loncar | Hotic | Koljic | Buric | Salcinovic | Stilic | Handzic
85%
Wisła/Bośnia Mehremic | Stilic | Bunoza
70%
Wisła/Czechy Kliment | Hanousek | Frydrych | Ondrasek | Jirsak | Vidlicka
58%
Lech/Serbia Crnomarkovic | Ubiparip | Djurdjevic | Injac | Poledica | Gruber
39%
Cracovia/Czechy Jugas | Jablonsky | Hosek
30%
Cracovia/Bośnia Hasic | Sadikovic | Trivunovic | Puzigaca | Milosevic
28%
Wisła/Serbia Poletanovic | Radkovic | Kuvelic | Mitrovic | Iliev | Jovanovic | Jovanic | Svitlica | Radovanovic | Mijailovic
26%
Lech/Czechy Sykora
25%
Cracovia/Serbia Cecaric | Sretenovic | Covilo | Kosanovic | Budakovic
12%
Nie znaleziono quizów pasujących do podanych kryteriów
Rozkład punktacji
Procent ludzi z każdym wynikiem
Percentyl według liczby udzielonych odpowiedzi
Twoja historia wyników
Nie rozwiązałeś tego quizu